[Event "EU-ch Amateur Online 1700/2000"]
[Site "Tornelo INT"]
[Date "2021.04.24"]
[Round "3"]
[White "Lemoni, Maria Ioanna"]
[Black "Bertram, Johannes"]
[Result "1-0"]
[WhiteElo "1661"]
[BlackElo "1926"]
[PlyCount "81"]
[EventDate "2021.04.24"]
[EventType "swiss (rapid)"]
[EventRounds "8"]
[EventCountry "NET"]
[SourceTitle "EXT 2023"]
[Source "ChessBase"]
[SourceDate "2022.10.05"]
[SourceVersion "1"]
[SourceVersionDate "2022.10.05"]
[SourceQuality "1"]

1. c4 d6 2. g3 e5 3. Bg2 f5 4. e3 Nf6 5. d4 e4 6. f3 Be7 7. Nc3 exf3 8. Bxf3 0-0 9. Nge2 c6 10. Nf4 Na6 11. 0-0 Bd7 12. Rb1 g5 13. Nd3 Nc7 14. b4 Qe8 15. e4 fxe4 16. Nxe4 h6 17. Re1 Qf7 18. c5 Nxe4 19. Bxe4 d5 20. Bg2 Bf6 21. Ne5 Bxe5 22. Rxe5 Qf2+ 23. Kh1 Ne6 24. Be3 Qxa2 25. h4 Kg7 26. hxg5 hxg5 27. Bxg5 Qf2 28. Qg4 Rh8+ 29. Bh6+ Kf7 30. Rf5+ Qxf5 31. Qxf5+ Ke7 32. Kg1 Rxh6 33. Re1 Rf6 34. Qh7+ Rf7 35. Qh4+ Rf6 36. Bh3 Raf8 37. Qh7+ R8f7 38. Qd3 Kd8 39. Bxe6 Bxe6 40. Qe3 Kd7 41. Qe5 1-0

[Event "Cappelle Online Blitz op"]
[Site "Europe Echecs INT"]
[Date "2021.03.07"]
[Round "11"]
[White "Bertram, Johannes"]
[Black "Le Marec, Laura"]
[Result "1-0"]
[WhiteElo "1926"]
[BlackElo "1714"]
[PlyCount "95"]
[EventDate "2021.03.07"]
[EventType "swiss (blitz)"]
[EventRounds "11"]
[EventCountry "FRA"]
[SourceTitle "CBM 201 Extra"]
[Source "ChessBase"]
[SourceDate "2021.05.31"]
[SourceVersion "1"]
[SourceVersionDate "2021.05.31"]
[SourceQuality "1"]

1. e4 c5 2. Nf3 a6 3. c3 d5 4. e5 d4 5. cxd4 cxd4 6. Qa4+ Nc6 7. Bb5 d3 8. Bxc6+ bxc6 9. 0-0 e6 10. Nc3 Ne7 11. b3 Qc7 12. Ba3 Bb7 13. Ne4 Nf5 14. Bxf8 Rxf8 15. Rac1 Rc8 16. g4 Ne7 17. Nd6+ Kd7 18. Nxc8 Rxc8 19. Rc3 Ke8 20. Rxd3 Kf8 21. Rd6 g6 22. d4 Kg7 23. Rc1 Nd5 24. Qa3 a5 25. Qb2 Qb6 26. Qd2 Rf8 27. Rd7 a4 28. bxa4 Ba6 29. Qc2 Qa5 30. Qxc6 Be2 31. Kg2 Bxf3+ 32. Kxf3 Qd2 33. Rxd5 Qf4+ 34. Kxf4 exd5 35. Qxd5 g5+ 36. Kxg5 h6+ 37. Kf4 f6 38. e6 h5 39. Qd7+ Kg6 40. gxh5+ Kxh5 41. Rc5+ Kg6 42. h4 f5 43. e7 Rh8 44. Qe6+ Kg7 45. e8Q Rxh4+ 46. Kg3 Rg4+ 47. Kf3 Rh4 48. Q6g6# 1-0

[Event "Cappelle Online Blitz op"]
[Site "Europe Echecs INT"]
[Date "2021.03.07"]
[Round "7"]
[White "Bertram, Johannes"]
[Black "Van Coppenolle, Lander"]
[Result "1-0"]
[WhiteElo "1926"]
[BlackElo "1442"]
[PlyCount "83"]
[EventDate "2021.03.07"]
[EventType "swiss (blitz)"]
[EventRounds "11"]
[EventCountry "FRA"]
[SourceTitle "CBM 201 Extra"]
[Source "ChessBase"]
[SourceDate "2021.05.31"]
[SourceVersion "1"]
[SourceVersionDate "2021.05.31"]
[SourceQuality "1"]

1. e4 c6 2. d4 d5 3. e5 c5 4. dxc5 e6 5. a3 Nc6 6. b4 Nxe5 7. Bb2 Nc6 8. Bd3 a5 9. b5 Na7 10. a4 Bxc5 11. Bxg7 Qg5 12. Bxh8 Qxg2 13. Qf3 Bxf2+ 14. Kd1 Qxf3+ 15. Nxf3 f6 16. Ke2 Bc5 17. Bxh7 e5 18. Bxg8 e4 19. Bxd5 exf3+ 20. Bxf3 Bd4 21. c3 Be5 22. Rg1 Be6 23. Bxb7 Bc4+ 24. Kf3 Rd8 25. Na3 Rd3+ 26. Ke2 Rh3+ 27. Nxc4 Rxh8 28. Nxe5 fxe5 29. Rg7 Rxh2+ 30. Kd3 Rh3+ 31. Ke4 Rxc3 32. Rd1 Rc4+ 33. Kd5 Rxa4 34. Rh1 Rf4 35. Rh8+ Rf8 36. Rxf8+ Kxf8 37. Rc7 Ke8 38. Bc6+ Kd8 39. Rxa7 Kc8 40. Rxa5 Kb8 41. Kd6 e4 42. Ra8# 1-0

[Event "Cappelle Online Rapid op"]
[Site "Europe Echecs INT"]
[Date "2021.03.06"]
[Round "4"]
[White "Bertram, Johannes"]
[Black "Roumegous, Adrien"]
[Result "1-0"]
[WhiteElo "1926"]
[BlackElo "1330"]
[PlyCount "43"]
[EventDate "2021.03.06"]
[EventType "swiss (rapid)"]
[EventRounds "9"]
[EventCountry "FRA"]
[SourceTitle "CBM 201 Extra"]
[Source "ChessBase"]
[SourceDate "2021.05.31"]
[SourceVersion "1"]
[SourceVersionDate "2021.05.31"]
[SourceQuality "1"]

1. e4 e5 2. Bc4 Nf6 3. Nc3 Bc5 4. d3 d6 5. f4 Bg4 6. Nf3 Nbd7 7. Na4 exf4 8. Bxf4 Bd4 9. h3 Bxf3 10. Qxf3 Ne5 11. Bxe5 Bxe5 12. 0-0-0 c6 13. d4 Bxd4 14. Rxd4 b5 15. e5 bxc4 16. exf6 d5 17. Re1+ Kd7 18. Re7+ Kc8 19. Rxc4 Qd6 20. Qf5+ Kb8 21. Nc5 a5 22. Rb7# 1-0

[Event "Cappelle Online Rapid op"]
[Site "Europe Echecs INT"]
[Date "2021.03.06"]
[Round "5"]
[White "Levannier Gouel, Marius"]
[Black "Bertram, Johannes"]
[Result "1-0"]
[WhiteElo "1676"]
[BlackElo "1926"]
[PlyCount "101"]
[EventDate "2021.03.06"]
[EventType "swiss (rapid)"]
[EventRounds "9"]
[EventCountry "FRA"]
[SourceTitle "CBM 201 Extra"]
[Source "ChessBase"]
[SourceDate "2021.05.31"]
[SourceVersion "1"]
[SourceVersionDate "2021.05.31"]
[SourceQuality "1"]

1. e4 e6 2. f4 d5 3. e5 c5 4. Nf3 Nc6 5. c3 Bd7 6. Na3 a6 7. Nc2 Qc7 8. d4 cxd4 9. Ncxd4 Nxd4 10. Nxd4 Ne7 11. Be2 Nc6 12. Be3 Be7 13. 0-0 0-0 14. Bd3 Nxd4 15. Bxd4 Bb5 16. Rf3 Bxd3 17. Qxd3 Qc4 18. Qxc4 dxc4 19. Bb6 Rac8 20. Rd1 Bc5+ 21. Bxc5 Rxc5 22. Rd7 Rb8 23. Rf2 Kf8 24. Rfd2 Ke8 25. R2d6 Rcc8 26. Kf2 Rd8 27. Rc7 Rxd6 28. exd6 Rd8 29. Rxc4 Rxd6 30. Ke3 Kd7 31. Rd4 Rxd4 32. Kxd4 Kd6 33. c4 f6 34. b4 Kc6 35. a4 Kd6 36. a5 Kc6 37. g4 Kd6 38. b5 g6 39. h4 e5+ 40. fxe5+ fxe5+ 41. Ke4 Kc5 42. bxa6 bxa6 43. Kxe5 Kxc4 44. Kf6 Kb5 45. Kg7 Kxa5 46. Kxh7 Kb5 47. Kxg6 a5 48. h5 a4 49. h6 a3 50. h7 a2 51. h8Q 1-0

[Event "Berlin Lichtenberger op 12th"]
[Site "Berlin"]
[Date "2013.08.25"]
[Round "9"]
[White "Godoj, Veit"]
[Black "Bertram, Johannes"]
[Result "0-1"]
[WhiteElo "2045"]
[BlackElo "1971"]
[PlyCount "74"]
[EventDate "2013.08.17"]
[EventType "swiss"]
[EventRounds "9"]
[EventCountry "GER"]
[SourceTitle "CBM 156 Extra"]
[Source "ChessBase"]
[SourceDate "2013.10.22"]
[SourceVersion "1"]
[SourceVersionDate "2013.10.22"]
[SourceQuality "1"]

1. e4 e6 2. d4 d5 3. Nc3 Bb4 4. exd5 Qxd5 5. Nf3 Ne7 6. Bd3 Bd7 7. 0-0 Bxc3 8. bxc3 Bb5 9. Rb1 Bxd3 10. cxd3 b6 11. c4 Qd8 12. Rb5 Nf5 13. Rxf5 exf5 14. Ba3 f6 15. Re1+ Kf7 16. Nh4 g6 17. Nxf5 Re8 18. Be7 Qd7 19. Nh6+ Kg7 20. Bxf6+ Kxf6 21. Qf3+ Kg7 22. Re3 Rxe3 23. fxe3 Nc6 24. Ng4 Rf8 25. Qg3 Qf5 26. h3 Rf7 27. d5 Nb4 28. Ne5 Re7 29. d4 Nxa2 30. Nc6 Rf7 31. Ne5 Nc3 32. Qe1 Qb1 33. Qxb1 Nxb1 34. Nxf7 Kxf7 35. Kf2 Nd2 36. c5 bxc5 37. dxc5 Ne4+ 0-1

[Event "Berlin Lichtenberger op 12th"]
[Site "Berlin"]
[Date "2013.08.23"]
[Round "7"]
[White "Mohrmann, Ralf"]
[Black "Bertram, Johannes"]
[Result "1/2-1/2"]
[WhiteElo "1996"]
[BlackElo "1971"]
[PlyCount "60"]
[EventDate "2013.08.17"]
[EventType "swiss"]
[EventRounds "9"]
[EventCountry "GER"]
[SourceTitle "CBM 156 Extra"]
[Source "ChessBase"]
[SourceDate "2013.10.22"]
[SourceVersion "1"]
[SourceVersionDate "2013.10.22"]
[SourceQuality "1"]

1. Nf3 d6 2. d4 Bg4 3. g3 Bxf3 4. exf3 Nd7 5. Bg2 c6 6. 0-0 g6 7. c4 Bg7 8. Nc3 Qb6 9. Ne2 Rd8 10. Rb1 Qa6 11. Qc2 c5 12. Be3 e6 13. dxc5 dxc5 14. b3 Ne7 15. g4 Nc6 16. f4 0-0 17. a4 Nd4 18. Qa2 Nb8 19. b4 b6 20. bxc5 bxc5 21. Ng3 Nbc6 22. Rb5 Nb4 23. Qb1 Nxb5 24. Bxc5 Qxa4 25. cxb5 Nd5 26. Bxf8 Bxf8 27. f5 Nf4 28. Bf3 Bc5 29. Ne4 Bb6 30. Qc1 Qxe4 1/2-1/2

[Event "Berlin Lichtenberger op 12th"]
[Site "Berlin"]
[Date "2013.08.22"]
[Round "6"]
[White "Bertram, Johannes"]
[Black "Cusnariov, Nikolai"]
[Result "0-1"]
[WhiteElo "1971"]
[BlackElo "2154"]
[PlyCount "66"]
[EventDate "2013.08.17"]
[EventType "swiss"]
[EventRounds "9"]
[EventCountry "GER"]
[SourceTitle "CBM 156 Extra"]
[Source "ChessBase"]
[SourceDate "2013.10.22"]
[SourceVersion "1"]
[SourceVersionDate "2013.10.22"]
[SourceQuality "1"]

1. e4 d6 2. d4 Nf6 3. Nc3 c6 4. Bd3 e5 5. Nf3 Qc7 6. a4 Bg4 7. dxe5 dxe5 8. 0-0 Be7 9. Qe2 0-0 10. Nd1 Nbd7 11. c3 Nc5 12. Bc2 Ne6 13. h3 Bh5 14. g4 Bg6 15. Nxe5 Qxe5 16. f4 Bc5+ 17. Kh2 Qc7 18. b4 Be7 19. Kh1 Rfe8 20. f5 Bd6 21. fxg6 hxg6 22. Bb3 Re7 23. Nb2 Nf8 24. Qf3 Nxe4 25. Kg2 Rae8 26. Bf4 Bxf4 27. Qxf4 Qxf4 28. Rxf4 g5 29. Rf5 g6 30. Rff1 Nd2 31. Bxf7+ Rxf7 32. Rxf7 Kxf7 33. Rd1 Re2+ 0-1

[Event "Berlin Lichtenberger op 12th"]
[Site "Berlin"]
[Date "2013.08.18"]
[Round "2"]
[White "Bertram, Johannes"]
[Black "Gaerths, Ronny"]
[Result "0-1"]
[WhiteElo "1971"]
[BlackElo "2221"]
[PlyCount "66"]
[EventDate "2013.08.17"]
[EventType "swiss"]
[EventRounds "9"]
[EventCountry "GER"]
[SourceTitle "CBM 156 Extra"]
[Source "ChessBase"]
[SourceDate "2013.10.22"]
[SourceVersion "1"]
[SourceVersionDate "2013.10.22"]
[SourceQuality "1"]

1. e4 d6 2. d4 Nf6 3. Nc3 e5 4. Nf3 exd4 5. Nxd4 Be7 6. Bc4 0-0 7. 0-0 c6 8. a4 Nxe4 9. Nxe4 d5 10. Bd3 dxe4 11. Bxe4 Na6 12. c3 Bf6 13. Be3 Re8 14. Qf3 Nc7 15. Rad1 Qe7 16. Bb1 Nd5 17. Nc2 Nxe3 18. Nxe3 g6 19. h3 Be6 20. Rfe1 Bg7 21. Nc2 Qc7 22. Ne3 Qb6 23. Re2 Qa6 24. Bc2 Bd5 25. Nxd5 Qxe2 26. Qxe2 Rxe2 27. Ne3 Re8 28. Bd3 Rxb2 29. Bc4 Bf6 30. Rd7 Re7 31. Rd6 Kg7 32. Ng4 Rb1+ 33. Kh2 Bxc3 0-1

[Event "Stuttgart-chA int"]
[Site "Gerlingen"]
[Date "2007.05.18"]
[Round "3"]
[White "Bertram, Johannes"]
[Black "Tiemann, Christoph"]
[Result "1/2-1/2"]
[WhiteElo "2111"]
[BlackElo "1902"]
[PlyCount "36"]
[EventDate "2007.05.17"]
[EventType "swiss"]
[EventRounds "7"]
[EventCountry "GER"]
[SourceTitle "EXT 2018"]
[Source "ChessBase"]
[SourceDate "2017.10.13"]
[SourceVersion "1"]
[SourceVersionDate "2017.10.13"]
[SourceQuality "1"]

1. e4 c5 2. c3 Nf6 3. e5 Nd5 4. d4 cxd4 5. cxd4 b6 6. Nf3 e6 7. a3 Bb7 8. Bd3 d6 9. 0-0 Be7 10. Nbd2 Nd7 11. exd6 Bxd6 12. Ne4 Be7 13. Bg5 0-0 14. Nd6 Bxg5 15. Nxb7 Qe7 16. Nxg5 Qxg5 17. Nd6 N7f6 18. Ne4 Nxe4 1/2-1/2

[Event "Stuttgart-chA int"]
[Site "Gerlingen"]
[Date "2007.05.17"]
[Round "2"]
[White "Hirneise, Tobias"]
[Black "Bertram, Johannes"]
[Result "1-0"]
[WhiteElo "2307"]
[BlackElo "2111"]
[PlyCount "67"]
[EventDate "2007.05.17"]
[EventType "swiss"]
[EventRounds "7"]
[EventCountry "GER"]
[SourceTitle "EXT 2018"]
[Source "ChessBase"]
[SourceDate "2017.10.13"]
[SourceVersion "1"]
[SourceVersionDate "2017.10.13"]
[SourceQuality "1"]

1. e4 e6 2. d4 d5 3. Nc3 Bb4 4. e5 c5 5. a3 Ba5 6. b4 cxd4 7. Nb5 Bc7 8. f4 Ne7 9. Nf3 Bd7 10. Nxc7+ Qxc7 11. Bd3 Ba4 12. Bb2 Nd7 13. 0-0 Rc8 14. Nxd4 Nb6 15. f5 exf5 16. Nxf5 Nxf5 17. Bxf5 Bxc2 18. Qg4 Bxf5 19. Qxg7 Rf8 20. Rxf5 Qc2 21. Raf1 Rc7 22. e6 f6 23. Qg3 Qxb2 24. Qxc7 Qd4+ 25. Kh1 Qe3 26. Qb8+ Ke7 27. Qxb7+ Ke8 28. Rxd5 Qxe6 29. Rdd1 Rf7 30. Qb8+ Qc8 31. Rfe1+ Re7 32. Rxe7+ Kxe7 33. Qxa7+ Nd7 34. Qxd7+ 1-0

[Event "Germany op"]
[Site "Germany"]
[Date "2004.05.21"]
[Round "4"]
[White "Bertram, Johannes"]
[Black "Florio, Antonio"]
[Result "1-0"]
[WhiteElo "1721"]
[BlackElo "1804"]
[PlyCount "79"]
[EventDate "2004.05.??"]
[EventType "swiss"]
[EventRounds "7"]
[EventCountry "GER"]
[SourceTitle "EXT 2005"]
[Source "ChessBase"]
[SourceDate "2004.11.15"]
[SourceVersion "1"]
[SourceVersionDate "2004.11.15"]
[SourceQuality "1"]

1. e4 c5 2. c3 d5 3. exd5 Qxd5 4. d4 Bf5 5. Na3 cxd4 6. Nb5 Na6 7. Nxd4 Bd7 8. Be3 Nf6 9. Ngf3 Ng4 10. Nc2 Nxe3 11. Nxe3 Qh5 12. Nd5 Rc8 13. Qd4 e6 14. Nf4 Qa5 15. Rd1 Bc6 16. Ne5 Ba4 17. b3 Bb5 18. a4 Bc5 19. Bxb5+ Qxb5 20. axb5 Bxd4 21. cxd4 Nc7 22. Rc1 0-0 23. Kd2 Nxb5 24. Rxc8 Rxc8 25. Nf3 Rd8 26. Ke3 h6 27. Ne2 Rc8 28. Rc1 Rd8 29. Rc5 a6 30. Nc3 Nd6 31. g4 g6 32. Ne5 Ne8 33. h3 g5 34. d5 b6 35. Rc6 exd5 36. Kd4 f6 37. Nd3 Rd6 38. Rxd6 Nxd6 39. Kxd5 Nb7 40. b4 1-0

[Event "Stuttgart-chB"]
[Site "Stuttgart"]
[Date "2003.??.??"]
[Round "?"]
[White "Kunert, Ralf"]
[Black "Bertram, Johannes"]
[Result "0-1"]
[WhiteElo "1750"]
[BlackElo "1720"]
[PlyCount "50"]
[EventDate "2003.??.??"]
[EventType "swiss"]
[EventRounds "9"]
[EventCountry "GER"]
[SourceTitle "EXT 2007"]
[Source "ChessBase"]
[SourceDate "2006.11.23"]
[SourceVersion "1"]
[SourceVersionDate "2006.11.23"]
[SourceQuality "1"]

1. e4 e6 2. d4 d5 3. Nd2 Nc6 4. c3 e5 5. exd5 Qxd5 6. Ngf3 exd4 7. Bc4 Qh5 8. Qe2+ Be7 9. cxd4 Bg4 10. Qe3 Nf6 11. 0-0 0-0-0 12. Ne5 Nxd4 13. Nxf7 Rhe8 14. Qc3 Ne2+ 15. Bxe2 Bxe2 16. Nxd8 Bxf1 17. Nf3 Rxd8 18. Kxf1 Qb5+ 19. Kg1 Rd1+ 20. Ne1 Bb4 21. Qh3+ Kd8 22. Bd2 Rxa1 23. Bxb4 Qxb4 24. Qd3+ Ke8 25. Qe3+ Qe7 0-1